000 01133nam a2200289Ia 4500
999 _c53685
_d53685
001 20733
003 GE_BSU
005 20221110151056.0
008 181216s2015||||xx |||||||||||||| ||eng||
020 _a9780739190845x
040 _cGE_BSU
041 _aeng
080 _a327 D-85
100 _aDuerr, Glen M. E.
_910435
245 _aSecessionism and the European Union :
_bThe Future of Flanders, Scotland, and Catalonia /
_cGlen M. E. Duer.
264 _aLanham :
_bLexington Books,
_c2015.
300 _a212 p. ;
_c24 cm.
500 _aBibl. : p.189-206
500 _aIndex. : p.207-212
653 _aSecessionism and the European Union
653 _aThe Future of Flanders, Scotland, and Catalonia
653 _aСецессионизм и Европейский Союз
653 _aбудущее Фландрии, Шотландии и Каталонии
653 _aსეცესიონიზმი და ევროკავშირი
653 _a ფლანდების, შოტლანდიის და კატალონიის მომავალი
942 _cBK
_2udc